|
|
|
|
| LEADER |
00909nam a2200265 4500 |
| 001 |
c000034837 |
| 003 |
CARM |
| 005 |
00000000000000.0 |
| 008 |
690724s1969 enkb b 00110 eng |
| 015 |
|
|
|a B69-04250
|
| 019 |
1 |
|
|a 90788
|5 LACONCORD2021
|
| 020 |
|
|
|a 0851570631
|
| 035 |
|
|
|a (OCoLC)19628
|5 LACONCORD2021
|
| 050 |
0 |
0 |
|a Z735
|b .A1C29
|
| 100 |
1 |
|
|a Campbell, H. C.
|q (Henry Cummings),
|d 1919-
|
| 245 |
1 |
0 |
|a Canadian libraries
|c [by] H. C. Campbell.
|
| 260 |
|
|
|a London,
|b Bingley,
|c 1969.
|
| 300 |
|
|
|a 90 p.
|b 2 maps.
|c 23 cm.
|
| 490 |
0 |
|
|a Comparative library studies
|
| 504 |
|
|
|a Bibliography: p. 78-80.
|
| 650 |
|
0 |
|a Libraries
|z Canada.
|
| 852 |
8 |
|
|b CARM
|h A2:AD02A0
|i B00436
|p 0022652
|f BK
|
| 082 |
0 |
4 |
|a 021/.00971
|
| 999 |
f |
f |
|i 9c18530f-9817-55e4-b525-fba40de02f7a
|s ed4501dc-d8e7-5320-8967-a13993ec2809
|
| 952 |
f |
f |
|p Can circulate
|a CAVAL
|b CAVAL
|c CAVAL
|d CARM 1 Store
|e B00436
|f A2:AD02A0
|h Other scheme
|i book
|m 0022652
|